Historia de la literatura mexicana : (Registro nro. 60589)
[ vista simple ]
| 000 -LEADER | |
|---|---|
| fixed length control field | 01335cam a2200301 i 4500 |
| 001 - CONTROL NUMBER | |
| control field | 60589 |
| 005 - DATE AND TIME OF LATEST TRANSACTION | |
| control field | 20180714061915.0 |
| 008 - FIXED-LENGTH DATA ELEMENTS--GENERAL INFORMATION | |
| fixed length control field | 140415s2002 mx h r 000 0 spa d |
| 020 ## - INTERNATIONAL STANDARD BOOK NUMBER | |
| International Standard Book Number | 9682320461 (obra completa) |
| 020 ## - INTERNATIONAL STANDARD BOOK NUMBER | |
| International Standard Book Number | 9682324041 (v. 2) |
| 040 ## - CATALOGING SOURCE | |
| Original cataloging agency | MX-PuUPA |
| Language of cataloging | spa |
| Description conventions | rda |
| Transcribing agency | Mx-PuUPA |
| Modifying agency | Mx-PuUPA |
| 041 ## - LANGUAGE CODE | |
| Language code of text/sound track or separate title | spa |
| 082 0# - DEWEY DECIMAL CLASSIFICATION NUMBER | |
| Classification number | 860.9 |
| Item number | HIS |
| 505 0# - FORMATTED CONTENTS NOTE | |
| Miscellaneous information | v.2. |
| Title | La cultura en la Nueva España del siglo XVII. |
| 245 00 - TITLE STATEMENT | |
| Title | Historia de la literatura mexicana : |
| Remainder of title | desde sus orígenes hasta nuestros días / |
| Statement of responsibility, etc. | coordinación de la obra completa Beatriz Garza Cuarón ; coordinadora Raquel Chang-Rodríguez ; Raquel Gonzalbo Aizpuru [y otros veinticuatro]. |
| 250 ## - EDITION STATEMENT | |
| Edition statement | Primera edición |
| 264 #1 - PRODUCTION, PUBLICATION, DISTRIBUTION, MANUFACTURE, AND COPYRIGHT NOTICE | |
| Place of production, publication, distribution, manufacture | México, D.F. : |
| Name of producer, publisher, distributor, manufacturer | Siglo xxi Editores, |
| Date of production, publication, distribution, manufacture, or copyright notice | 2002 |
| 300 ## - PHYSICAL DESCRIPTION | |
| Extent | 744 páginas : |
| Other physical details | facsímiles ; |
| Dimensions | 23 cm. |
| 336 ## - CONTENT TYPE | |
| Content type term | texto |
| Source | rdacontent |
| 337 ## - MEDIA TYPE | |
| Media type term | sin mediación |
| Source | rdamedia |
| 338 ## - CARRIER TYPE | |
| Carrier type term | volumen |
| Source | rdacarrier |
| 490 0# - SERIES STATEMENT | |
| Series statement | Lingüistica y teoría litararia |
| 583 0# - ACTION NOTE | |
| Action | Descipción física basada en el volumen 2 de la obra. Integrar los volúmenes faltantes a este registro y modificar la descripción. |
| 650 #4 - SUBJECT ADDED ENTRY--TOPICAL TERM | |
| Topical term or geographic name entry element | Literatura mexicana |
| General subdivision | Historia y crítica |
| 700 1# - ADDED ENTRY--PERSONAL NAME | |
| Personal name | Garza Cuarón, Beatriz, |
| Relator term | editor |
| 700 1# - ADDED ENTRY--PERSONAL NAME | |
| Personal name | Chang-Rodríguez, Raquel, |
| Relator term | editor, |
| -- | autor |
| 700 1# - ADDED ENTRY--PERSONAL NAME | |
| Personal name | Gonzalbo Aizpuru, Raquel, |
| Relator term | autor |
| Withdrawn status | Lost status | Source of classification or shelving scheme | Damaged status | Not for loan | Collection code | Home library | Current library | Shelving location | Date acquired | Source of acquisition | Inventory number | Total Checkouts | Total Renewals | Full call number | Barcode | Date last seen | Date last checked out | Price effective from | Koha item type |
|---|---|---|---|---|---|---|---|---|---|---|---|---|---|---|---|---|---|---|---|
| Dewey Decimal Classification | General | Biblioteca Karol Wojtyla | Biblioteca Karol Wojtyla | Sala general | 21/11/2017 | Compra | 151000000000000000033266 | 3 | 3 | 860.9 HIS 2002 | 97462 | 05/01/2026 | 20/01/2020 | 21/11/2017 | Libro |